| 000 | 00510nam a2200205 a 4500 | ||
|---|---|---|---|
| 001 | 10905 | ||
| 003 | CO-ViMGA | ||
| 008 | 141112s2004 ck r 000 u spa d | ||
| 020 | _a0198242905 | ||
| 040 |
_aCO-ViMGA _bspa _cCO-ViMGA |
||
| 082 | 0 | 4 | _a185 I79a |
| 100 | 1 |
_aIrwin, Terence _914959 |
|
| 245 | 1 | 0 | _aAristotle's First Principles |
| 250 | _a3 | ||
| 260 |
_aNew York, _cOxford University Press Inc. 1995 |
||
| 300 | _a702 p. | ||
| 650 | 1 | 4 |
_aARISTOTELES _914960 |
| 650 | 1 | 4 | _aFILOSOFIA |
| 942 |
_2ddc _cBK |
||
| 999 |
_c22125 _d22125 |
||